| 000 | 02495cam a2200361 i 4500 | ||
|---|---|---|---|
| 001 | 18262899 | ||
| 005 | 20230320122308.0 | ||
| 008 | 140811s2015 enka b 001 0 eng | ||
| 010 | _a 2014032243 | ||
| 020 | _a9781107054868 (Hardback) | ||
| 020 | _a9781107643260 (Hardback) | ||
| 040 |
_aDLC _beng _cDLC _erda _dDLC |
||
| 042 | _apcc | ||
| 050 | 0 | 0 |
_aQC157 _b.F54 2015 |
| 082 | 0 | 0 |
_a530.124 _223 _bFLE |
| 084 |
_aSCI055000 _2bisacsh |
||
| 100 | 1 |
_aFleisch, Daniel A., _eauthor. _974220 |
|
| 245 | 1 | 2 |
_aA student's guide to waves / _cDaniel Fleisch, Wittenberg University, Laura Kinnaman, Morningside College. |
| 264 | 1 |
_aCambridge ; _aNew York : _bCambridge University Press, _c2015. |
|
| 300 |
_aix, 219 pages : _billustrations ; _c24 cm |
||
| 336 |
_atext _2rdacontent |
||
| 337 |
_aunmediated _2rdamedia |
||
| 338 |
_avolume _2rdacarrier |
||
| 504 | _aIncludes bibliographical references (page 214) and index. | ||
| 505 | 8 | _a1. Wave fundamentals; 2. The wave equation; 3. Wave components; 4. The mechanical wave equation; 5. The electromagnetic wave equation; 6. The quantum wave equation; References; Index. | |
| 520 |
_a"Waves are an important topic in the fields of mechanics, electromagnetism, and quantum theory, but many students struggle with the mathematical aspects. Written to complement course textbooks, this book focuses on the topics that students find most difficult. Retaining the highly popular approach used in Fleisch's other Student's Guides, the book uses plain language to explain fundamental ideas in a simple and clear way. Exercises and fully-worked examples help readers test their understanding of the concepts, making this an ideal book for undergraduates in physics and engineering trying to get to grips with this challenging subject. The book is supported by a suite of online resources available at www.cambridge.org/9781107643260. These include interactive solutions for every exercise and problem in the text and a series of video podcasts in which the authors explain the important concepts of every section of the book"-- _cProvided by publisher. |
||
| 650 | 0 |
_aWaves _vTextbooks. _9110637 |
|
| 650 | 7 |
_aSCIENCE / Physics. _2bisacsh _913951 |
|
| 700 | 1 |
_aKinnaman, Laura, _eauthor. _9110638 |
|
| 906 |
_a7 _bcbc _corignew _d1 _eecip _f20 _gy-gencatlg |
||
| 942 |
_2ddc _cBK |
||
| 999 |
_c593851 _d593851 |
||